Lie/Honest to win - Statistics

General Stats
  • This quiz has been taken 142 times
  • The average score is 7 of 10
Answer Stats
Question Answer % Correct
Lie - There are 51 US states True
93%
Lie - Russia is the biggest country False
90%
Honest - Japan is the biggest island in area False
83%
Honest - The most popular book series is Harry Potter True
76%
Honest - Canada is bigger than the US in area True
72%
Lie - The most popular video game is Fortnite True
66%
Lie - The capital of Maryland is Washington D.C True
66%
Honest - The most popular name is John Smith True
48%
Lie - There are 9 different numbers in English True
45%
Lie - The capital of Canada was Montreal False
34%
No matching quizzes found
Score Distribution
Percent of People with Each Score
Percentile by Number Answered
Your Score History
You have not taken this quiz